000 00555nam a22002417a 4500
003 UA-OsUOA
001 20598
007 ta
008 20031101b un ||||| |||| 00| 0 ukr d
100 _aЛистов В.
090 _a913(866)
_bЛ63
942 _cBK
040 _aUA-OsUOA
_brus
_cUA-OsUOA
_dUA-OsUOA
245 _aОтавало идет по экватору
300 _a236 с.
955 _a0
041 _arus
080 _a913(866)
260 _aМосква
_bМысль
_c1987
044 _aRU
650 7 _2UDC
999 _c306778
_d306778